Every 1,000 Point NHL Player - Statistics

General Stats
  • This quiz has been taken 72 times
  • The average score is 63 of 103
Answer Stats
Points Team Answer % Correct
2,857 Edmonton Wayne Gretzky
98%
1,761 Pittsburgh* Sidney Crosby
96%
1,687 Washington* Alex Ovechkin
94%
1,216 Edmonton* Connor McDavid
94%
1,850 Detroit Gordie Howe
94%
1,921 Pittsburgh Jaromir Jagr
90%
1,723 Pittsburgh* Mario Lemieux
90%
1,407 Pittsburgh* Evgeni Malkin
88%
1,400 Chicago Patrick Kane
88%
1,539 San Jose Joe Thornton
88%
1,887 Edmonton Mark Messier
88%
1,170 Chicago Bobby Hull
86%
1,391 St. Louis Brett Hull
86%
1,457 Anaheim Teemu Selänne
86%
1,142 Colorado* Nathan MacKinnon
84%
1,641 Colorado* Joe Sakic
84%
1,316 Los Angeles* Anže Kopitar
82%
1,771 Los Angeles Marcel Dionne
80%
1,590 Boston Phil Esposito
80%
1,579 Boston Ray Bourque
80%
1,755 Detroit* Steve Yzerman
80%
1,398 Edmonton Jari Kurri
78%
1,053 Edmonton* Leon Draisaitl
76%
1,124 Tampa Bay* Nikita Kucherov
76%
1,353 Montréal Guy Lafleur
76%
1,046 Montréal* Henri Richard
76%
1,394 Los Angeles Luc Robitaille
76%
1,374 Dallas Mike Modano
76%
1,467 Chicago* Stan Mikita
76%
1,034 Boston Brad Marchand
75%
1,253 Tampa Bay Steven Stamkos
75%
1,349 Toronto Mats Sundin
75%
1,126 New York Islanders* Mike Bossy
75%
1,165 Philadelphia Claude Giroux
73%
1,210 Philadelphia* Bobby Clarke
73%
1,425 New York Islanders Bryan Trottier
73%
1,409 Winnipeg Dale Hawerchuk
73%
1,041 Vancouver* Daniel Sedin
73%
1,070 Vancouver* Henrik Sedin
73%
1,040 Boston* Patrice Bergeron
73%
1,197 San Jose Patrick Marleau
73%
1,798 Hartford Ron Francis
73%
1,300 Calgary Jarome Iginla
71%
1,531 Edmonton Paul Coffey
71%
1,185 New York Islanders John Tavares
69%
1,033 Tampa Bay Martin St. Louis
69%
1,533 Philadelphia Mark Recchi
67%
1,420 Boston Adam Oates
65%
1,338 Buffalo Dave Andreychuk
65%
1,219 Montréal* Jean Béliveau
65%
1,179 Detroit Sergei Fedorov
65%
1,354 Detroit Brendan Shanahan
63%
1,033 Washington* Nicklas Bäckström
63%
1,157 Ottawa Daniel Alfredsson
61%
1,369 Boston Johnny Bucyk
61%
1,013 New York Islanders Pat LaFontaine
61%
1,006 Toronto Lanny McDonald
59%
1,142 Detroit* Nicklas Lidström
59%
1,239 Québec Peter Šťastný
59%
1,052 New York Islanders* Denis Potvin
57%
1,063 Carolina Eric Staal
57%
1,326 Buffalo* Gilbert Perreault
57%
1,065 St. Louis Keith Tkachuk
57%
1,019 Anaheim* Ryan Getzlaf
57%
1,414 Toronto Doug Gilmour
55%
1,335 Washington Mike Gartner
55%
1,274 Calgary Al MacInnis
53%
1,099 Edmonton Glenn Anderson
53%
1,028 New York Rangers Brian Leetch
51%
1,032 Buffalo Alexander Mogilny
49%
1,338 Chicago Denis Savard
49%
1,068 San Jose Joe Pavelski
49%
1,184 Philadelphia Rod Brind'Amour
49%
1,200 Dallas Dino Ciccarelli
47%
1,134 Chicago Marián Hossa
47%
1,025 New Jersey* Patrik Eliáš
47%
1,281 Detroit* Alex Delvecchio
45%
1,130 St. Louis Bernie Federko
45%
1,088 Calgary Theo Fleury
45%
1,036 Minnesota NS Bobby Smith
43%
1,121 Toronto Darryl Sittler
43%
1,126 Calgary Joe Nieuwendyk
43%
1,216 Chicago Jeremy Roenick
39%
1,063 Calgary Joe Mullen
39%
1,153 Québec Michel Goulet
39%
1,021 New York Rangers* Rod Gilbert
39%
1,267 New York Rangers Jean Ratelle
37%
1,327 St. Louis Pierre Turgeon
37%
1,209 Los Angeles Bernie Nicholls
35%
1,205 Montréal Vincent Damphousse
35%
1,069 Los Angeles* Dave Taylor
33%
1,103 Toronto Frank Mahovlich
33%
1,217 Washington Larry Murphy
33%
1,232 Buffalo Phil Housley
33%
1,062 Hartford Pat Verbeek
29%
1,022 Minnesota NS Brian Bellows
27%
1,004 Philadelphia Brian Propp
27%
1,020 Washington Dale Hunter
27%
1,012 Chicago Steve Larmer
27%
1,033 Edmonton Doug Weight
25%
1,229 Detroit Norm Ullman
25%
1,029 Pittsburgh Alex Kovalev
24%
1,064 Carolina Ray Whitney
8%
No matching quizzes found
Score Distribution
Percent of People with Each Score
Percentile by Number Answered
Your Score History
You have not taken this quiz